[Event "POL-chT3 Dolnoslaskie 1314"]
[Site "Poland"]
[Date "2013.11.17"]
[Round "3.28"]
[White "Kanicki, Krzysztof"]
[Black "Luniewski, Krzysztof"]
[Result "1/2-1/2"]
[WhiteElo "1975"]
[BlackElo "2056"]
[PlyCount "110"]
[EventDate "2013.10.20"]
[EventType "team-tourn"]
[EventRounds "11"]
[EventCountry "POL"]
[SourceTitle "EXT 2018"]
[Source "ChessBase"]
[SourceDate "2017.10.13"]
[SourceVersion "1"]
[SourceVersionDate "2017.10.13"]
[SourceQuality "1"]
[WhiteTeam "Wroclaw MUKS MDK Fabryczna"]
[BlackTeam "Olawa MGLKS Parnas"]
[WhiteTeamCountry "POL"]
[BlackTeamCountry "POL"]

1. e4 e5 2. Nf3 Nf6 3. Nxe5 d6 4. Nf3 Nxe4 5. d4 d5 6. Bd3 Bd6 7. 0-0 0-0 8. c4 c6 9. Re1 Re8 10. Nc3 Nxc3 11. bxc3 Bg4 12. Bg5 Rxe1+ 13. Qxe1 f6 14. Bh4 Nd7 15. cxd5 cxd5 16. h3 Bxf3 17. Qe6+ Kh8 18. Qxd6 Be4 19. Bxe4 dxe4 20. Re1 Nb6 21. Qxd8+ Rxd8 22. Rxe4 g5 23. Bg3 Nd5 24. c4 Nc3 25. Re7 Rxd4 26. Rxb7 a5 27. Rf7 Ne2+ 28. Kh2 Nxg3 29. Kxg3 Rxc4 30. Rxf6 Ra4 31. Rf3 Rxa2 32. Kg4 h6 33. Kh5 Kg7 34. Rf5 Ra4 35. g3 Ra2 36. h4 gxh4 37. Kxh4 a4 38. f4 a3 39. Ra5 Ra1 40. Kg4 a2 41. Kf5 h5 42. Ra7+ Kh6 43. Kf6 Rg1 44. Rxa2 Rxg3 45. f5 h4 46. Ra8 Kh5 47. Ke7 Re3+ 48. Kf7 h3 49. f6 Kg4 50. Rh8 Rf3 51. Kg7 Kg3 52. f7 h2 53. f8R Rxf8 54. Kxf8 Kg2 55. Rxh2+ Kxh2 1/2-1/2

[Event "POL-chT3 Dolnoslaskie 1314"]
[Site "Poland"]
[Date "2013.10.20"]
[Round "1.23"]
[White "Szewczyk, Jacek"]
[Black "Luniewski, Krzysztof"]
[Result "1-0"]
[WhiteElo "2154"]
[BlackElo "2056"]
[PlyCount "109"]
[EventDate "2013.10.20"]
[EventType "team-tourn"]
[EventRounds "11"]
[EventCountry "POL"]
[SourceTitle "EXT 2018"]
[Source "ChessBase"]
[SourceDate "2017.10.13"]
[SourceVersion "1"]
[SourceVersionDate "2017.10.13"]
[SourceQuality "1"]
[WhiteTeam "Walbrzych WOK"]
[BlackTeam "Olawa MGLKS Parnas"]
[WhiteTeamCountry "POL"]
[BlackTeamCountry "POL"]

1. e4 e5 2. Nf3 Nc6 3. Bc4 Nf6 4. d4 exd4 5. e5 d5 6. Bb5 Ne4 7. Nxd4 Bd7 8. Bxc6 bxc6 9. 0-0 Bc5 10. f3 Ng5 11. Nc3 0-0 12. Kh1 f6 13. Nb3 Bb4 14. Qd4 Bxc3 15. Qxc3 fxe5 16. Qxe5 Nf7 17. Qg3 Nd6 18. Bg5 Qe8 19. Nc5 Bf5 20. c3 Qg6 21. Qh4 Rae8 22. Rfe1 Bc8 23. Be3 Nf5 24. Qf2 Nxe3 25. Rxe3 Rxe3 26. Qxe3 Re8 27. Qf2 Qd6 28. Rf1 Bf5 29. Nb3 Qe5 30. h3 Bd3 31. Rd1 Qe3 32. Rd2 Qxf2 33. Rxf2 Re1+ 34. Kh2 Kf7 35. Rd2 Bf1 36. Kg3 Ba6 37. Nc5 Bc8 38. Kf2 Re8 39. Re2 Rxe2+ 40. Kxe2 Ke7 41. Ke3 Kd6 42. Kd4 g5 43. b4 Bf5 44. Nb7+ Ke7 45. Ke5 Bd3 46. g3 h5 47. h4 gxh4 48. gxh4 Ba6 49. Nc5 Bc8 50. f4 Kf7 51. f5 Ke7 52. Nd3 Bd7 53. Nf4 Be8 54. f6+ Kd7 55. Ne6 1-0